| 000 | 01189nab a22002177a 4500 | ||
|---|---|---|---|
| 999 |
_c5829 _d5829 |
||
| 003 | OSt | ||
| 005 | 20260107123839.0 | ||
| 008 | 190514b xxu||||| |||| 00| 0 spa d | ||
| 040 | _cPJ | ||
| 100 |
_95819 _aHom, María Cecilia |
||
| 245 | 1 | 3 |
_aEl incumplimiento alimentario como modalidad de violencia económica : _bmujeres atrapadas en la pobreza económica y emocional / _cMaría Cecilia Hom. |
| 300 | _ap. 131-137 | ||
| 505 | _aSumario: I. Introducción.— II. Definición y encuadre normativo.— III. Violencia, sus tipos.— IV. El incumplimiento alimentario del progenitor como forma de violencia económica.— V. Más padecimientos para lograr la ejecución de la cuota alimentaria.— VI. Algunos aportes de la jurisprudencia.— VII. Prevención y posibles soluciones.— VIII. Algunas reflexiones finales. | ||
| 505 | _tSi te interesa el texto, comunicate a koha@justierradelfuego.gov.ar | ||
| 650 | 0 |
_9967 _aDERECHO DE FAMILIA |
|
| 650 | 0 |
_9968 _aALIMENTOS |
|
| 650 | 0 |
_94099 _aCUOTA ALIMENTARIA |
|
| 650 | 0 |
_95360 _aVIOLENCIA ECONÓMICA |
|
| 773 | 0 |
_02844 _93222 _dBuenos Aires : AbeledoPerrot, 1989- _tDerecho de familia. N° 118 - Marzo 2025 _z18511201 |
|
| 942 |
_2udc _cANA |
||